000 00199 a2200097 4500
001 22907
100 _aMahmood, S
245 _aPakistan Affairs
260 _a
_bPub. United
_c
090 _c15504
_d15504
942 _aNUST-CAE
_cM
_c6119
999 _c257980
_d257980